Business Driven Technology. (Record no. 5145)

MARC details
005 - DATE AND TIME OF LATEST TRANSACTION
control field 20250625163840.0
020 ## - INTERNATIONAL STANDARD BOOK NUMBER
International Standard Book Number 978-0-07-312368-4
082 ## - DEWEY DECIMAL CLASSIFICATION NUMBER
Classification number 658.4'038[dc22] HAA
100 ## - MAIN ENTRY--PERSONAL NAME
Author name HAAG, S.
245 ## - TITLE STATEMENT
Title Business Driven Technology.
250 ## - EDITION STATEMENT
Edition statement 2nd Ed.
260 ## - PUBLICATION, DISTRIBUTION, ETC.
Place of publication, distribution, etc. New York,
Name of publisher, distributor, etc. Mc Graw-Hill Irwin,
Date of publication, distribution, etc. 2008.
300 ## - PHYSICAL DESCRIPTION
Extent xxxvii, 610p.: ill.; figure, picture, table
Other physical details Glossary & Index
Dimensions 28cm
700 ## - ADDED ENTRY--PERSONAL NAME
Other authors/Editors BALTZAN, P., PHILLIPS, A.
942 ## - ADDED ENTRY ELEMENTS (KOHA)
Source of classification or shelving scheme Dewey Decimal Classification
Koha item type Books
Holdings
Date last seen Total checkouts Full call number Barcode Cost, replacement price Price effective from Koha item type Lost status Source of classification or shelving scheme Damaged status Not for loan Withdrawn status Home library Current library Shelving location Date acquired Cost, normal purchase price
06/25/2025   658.4'038(dc 22) DOM0002339 450000.00 06/25/2025 Books   Dewey Decimal Classification       CBE Dodoma CBE Dodoma General Collection 02/17/2010 150000.00
06/25/2025   658.4'038(dc 22) DOM0002340 450000.00 06/25/2025 Books   Dewey Decimal Classification       CBE Dodoma CBE Dodoma General Collection 02/17/2010 150000.00
06/25/2025   658.4'038(dc 22) DOM0002315 450000.00 06/25/2025 Books   Dewey Decimal Classification       CBE Dodoma CBE Dodoma General Collection 02/17/2010 150000.00
06/25/2025   658.4'038(dc 22) DOM0002343 450000.00 06/25/2025 Books   Dewey Decimal Classification       CBE Dodoma CBE Dodoma General Collection 02/17/2010 150000.00
06/28/2025   658.4HAA DOM0002465   06/28/2025 Books   Dewey Decimal Classification       CBE Dodoma CBE Dodoma General Collection 02/07/2010 150000.00